[Event "RLP Seniors op 17th"]
[Site "Neustadt an der Weinstrasse"]
[Date "2019.07.22"]
[Round "3"]
[White "Zwissler, Erich"]
[Black "Hetzer, Margarete"]
[Result "1-0"]
[WhiteElo "1562"]
[BlackElo "1375"]
[PlyCount "48"]
[EventDate "2019.07.20"]
[EventType "swiss"]
[EventRounds "9"]
[EventCountry "GER"]
[SourceTitle "CBM 192 Extra"]
[Source "Chessbase"]
[SourceDate "2019.11.06"]
[SourceVersion "1"]
[SourceVersionDate "2019.11.06"]
[SourceQuality "1"]

1. d4 Nf6 2. c4 d5 3. cxd5 Nxd5 4. Nf3 g6 5. e3 Bg7 6. Bc4 e6 7. 0-0 0-0 8. Nc3 b6 9. Re1 Bb7 10. e4 Nxc3 11. bxc3 c5 12. Be3 Nd7 13. e5 a6 14. a3 Qc7 15. Be2 f6 16. Bf4 Rad8 17. Qb3 b5 18. Qxe6+ Kh8 19. Qg4 f5 20. Qg3 h6 21. e6 Ne5 22. Nxe5 Kg8 23. Nxg6 Rd6 24. Bxd6 Qc6 1-0

[Event "Rheinland Pfalz op Seniors 16th"]
[Site "Neustadt an der Weinstrasse"]
[Date "2018.07.15"]
[Round "9"]
[White "Geisert, Bernd"]
[Black "Zwissler, Erich"]
[Result "1-0"]
[WhiteElo "1494"]
[BlackElo "1614"]
[PlyCount "62"]
[EventDate "2018.07.07"]
[EventType "swiss"]
[EventRounds "9"]
[EventCountry "GER"]
[SourceTitle "EXT 2019"]
[Source "ChessBase"]
[SourceDate "2018.10.10"]
[SourceVersion "1"]
[SourceVersionDate "2018.10.10"]
[SourceQuality "1"]

1. d4 d5 2. Nf3 e6 3. c4 Nf6 4. Nc3 c6 5. Bg5 Be7 6. e3 Nbd7 7. Bd3 dxc4 8. Bxc4 Nb6 9. Bb3 Nbd5 10. Nxd5 Nxd5 11. Bxe7 Qxe7 12. 0-0 0-0 13. Rc1 Bd7 14. a3 Rac8 15. g3 Rc7 16. e4 Nf6 17. Re1 Rfc8 18. d5 cxd5 19. Rxc7 Rxc7 20. exd5 Qd6 21. Ne5 exd5 22. Nxd7 Rxd7 23. Re2 Kf8 24. Rd2 h5 25. h3 a6 26. Rd4 Qc5 27. Qd2 Rd6 28. Rb4 b6 29. Qg5 Ne4 30. Rxe4 dxe4 31. Qf4 f6 1-0

[Event "Rheinland Pfalz op Seniors 16th"]
[Site "Neustadt an der Weinstrasse"]
[Date "2018.07.08"]
[Round "2"]
[White "Zwissler, Erich"]
[Black "Hennrich, Reinhard"]
[Result "1/2-1/2"]
[WhiteElo "1614"]
[BlackElo "1836"]
[PlyCount "44"]
[EventDate "2018.07.07"]
[EventType "swiss"]
[EventRounds "9"]
[EventCountry "GER"]
[SourceTitle "EXT 2019"]
[Source "ChessBase"]
[SourceDate "2018.10.10"]
[SourceVersion "1"]
[SourceVersionDate "2018.10.10"]
[SourceQuality "1"]

1. d4 d5 2. c4 e6 3. Nf3 Nf6 4. e3 Be7 5. Bd3 0-0 6. 0-0 b6 7. a3 a5 8. Nc3 Bb7 9. Re1 c5 10. b3 cxd4 11. exd4 Nbd7 12. Bb2 Rc8 13. Rc1 Bd6 14. Nb5 Bf4 15. Rc2 Bb8 16. Qe2 h6 17. Rec1 Bf4 18. Re1 Bb8 19. Rec1 Nh5 20. g3 Nhf6 21. c5 bxc5 22. dxc5 Ba6 1/2-1/2

[Event "Rheinland Pfalz op Seniors 15th"]
[Site "Neustadt an der Weinstrasse"]
[Date "2017.07.21"]
[Round "7"]
[White "Zwissler, Erich"]
[Black "Hellwege, Werner"]
[Result "0-1"]
[WhiteElo "1655"]
[BlackElo "1939"]
[PlyCount "96"]
[EventDate "2017.07.15"]
[EventType "swiss"]
[EventRounds "9"]
[EventCountry "GER"]
[SourceTitle "EXT 2018"]
[Source "ChessBase"]
[SourceDate "2017.10.13"]
[SourceVersion "1"]
[SourceVersionDate "2017.10.13"]
[SourceQuality "1"]

1. d4 g6 2. c4 Bg7 3. Nf3 c5 4. e3 cxd4 5. exd4 Nf6 6. Bd3 0-0 7. 0-0 d5 8. h3 b6 9. Be3 dxc4 10. Bxc4 Bb7 11. Nc3 e6 12. Be2 Nc6 13. Qd2 Ne7 14. Bh6 Bxh6 15. Qxh6 Re8 16. Rac1 Bxf3 17. Bxf3 Qxd4 18. Rfd1 Qb4 19. Rb1 Red8 20. a3 Rxd1+ 21. Nxd1 Qd4 22. Qe3 Nf5 23. Qe2 Rd8 24. Nc3 Qf4 25. Rd1 Nd4 26. Qe3 Qxe3 27. fxe3 Nxf3+ 28. gxf3 Rxd1+ 29. Nxd1 Kf8 30. Kf2 Ke7 31. Ke2 Kd6 32. Kd3 h5 33. Nc3 a6 34. f4 Kc6 35. Kd4 b5 36. Ke5 Nd7+ 37. Kd4 f6 38. Ne4 Kb6 39. b3 a5 40. h4 Kc6 41. Kc3 Kd5 42. Nd2 e5 43. e4+ Kc5 44. f5 gxf5 45. exf5 b4+ 46. axb4+ axb4+ 47. Kd3 Kd5 48. Ke3 Nc5 0-1

[Event "Rheinland Pfalz op Seniors 14th"]
[Site "Neustadt an der Weinstrasse"]
[Date "2016.07.21"]
[Round "6"]
[White "Walther, Gerd"]
[Black "Zwissler, Erich"]
[Result "1-0"]
[WhiteElo "1957"]
[BlackElo "1684"]
[PlyCount "83"]
[EventDate "2016.07.16"]
[EventType "swiss"]
[EventRounds "9"]
[EventCountry "GER"]
[SourceTitle "EXT 2019"]
[Source "ChessBase"]
[SourceDate "2018.10.10"]
[SourceVersion "1"]
[SourceVersionDate "2018.10.10"]
[SourceQuality "1"]

1. d4 d5 2. Nf3 e6 3. c3 Nf6 4. Bg5 Be7 5. Nbd2 Nbd7 6. e3 c6 7. Bd3 h6 8. Bh4 a6 9. 0-0 c5 10. Ne5 c4 11. Bc2 0-0 12. f4 Nh7 13. Bxe7 Qxe7 14. Ndf3 Nhf6 15. Nxd7 Bxd7 16. Ne5 Be8 17. Qf3 Nd7 18. g4 Nxe5 19. fxe5 f6 20. Rf2 fxe5 21. Bh7+ Kxh7 22. Qxf8 Qg5 23. Qf3 e4 24. Qf4 Qxf4 25. Rxf4 Kg8 26. Raf1 Bg6 27. h4 h5 28. g5 Re8 29. Kg2 Bf5 30. Kg3 g6 31. R4f2 e5 32. dxe5 Rxe5 33. Rd1 Bg4 34. Rdf1 Rf5 35. Rxf5 Bxf5 36. Kf4 Bd7 37. Ke5 Bc6 38. Kf6 Be8 39. Ke7 Bc6 40. Rf6 Kg7 41. Kd6 Kh7 42. Kc5 1-0

[Event "Rheinland Pfalz op Seniors 14th"]
[Site "Neustadt an der Weinstrasse"]
[Date "2016.07.17"]
[Round "2"]
[White "Micheel, Peter"]
[Black "Zwissler, Erich"]
[Result "1/2-1/2"]
[WhiteElo "1848"]
[BlackElo "1684"]
[PlyCount "78"]
[EventDate "2016.07.16"]
[EventType "swiss"]
[EventRounds "9"]
[EventCountry "GER"]
[SourceTitle "EXT 2019"]
[Source "ChessBase"]
[SourceDate "2018.10.10"]
[SourceVersion "1"]
[SourceVersionDate "2018.10.10"]
[SourceQuality "1"]

1. e4 e6 2. d4 d5 3. Nc3 Bb4 4. exd5 exd5 5. Bd3 Nf6 6. Nge2 c6 7. 0-0 0-0 8. Bg5 Be7 9. Ng3 h6 10. Bf4 Bd6 11. Qd2 Bxf4 12. Qxf4 Be6 13. Rfe1 Nbd7 14. Qh4 Nh7 15. Qxd8 Raxd8 16. b4 Rc8 17. Nf5 Bxf5 18. Bxf5 Rcd8 19. Re7 Nhf6 20. Rae1 g6 21. Bd3 Rfe8 22. Rxe8+ Rxe8 23. Kf1 Kf8 24. a4 Ng4 25. Rxe8+ Kxe8 26. h3 Ngf6 27. Ke2 Ke7 28. Ke3 Ne8 29. a5 Nc7 30. Na4 b6 31. axb6 axb6 32. c3 b5 33. Be2 Ne6 34. Nb2 Nf6 35. f3 Nh5 36. Nd3 f6 37. g4 Nhg7 38. h4 g5 39. hxg5 hxg5 1/2-1/2

[Event "Zweibruecken PSB-ch HT5 82nd"]
[Site "Zweibruecken"]
[Date "2013.03.24"]
[Round "3"]
[White "Zwissler, Erich"]
[Black "Bischoff, Nico"]
[Result "1/2-1/2"]
[WhiteElo "1393"]
[BlackElo "1581"]
[PlyCount "43"]
[EventDate "2013.??.??"]
[EventType "swiss"]
[EventRounds "7"]
[EventCountry "GER"]
[SourceTitle "EXT 2014"]
[Source "ChessBase"]
[SourceDate "2013.11.20"]
[SourceVersion "1"]
[SourceVersionDate "2013.11.20"]
[SourceQuality "1"]

1. d4 d5 2. c4 e5 3. e3 exd4 4. cxd5 Qxd5 5. Qxd4 Qxd4 6. exd4 Nc6 7. Bb5 Bd7 8. Bxc6 Bxc6 9. f3 0-0-0 10. Ne2 g6 11. Nbc3 Bg7 12. Be3 Ne7 13. Rd1 h6 14. 0-0 Nd5 15. Nxd5 Bxd5 16. b3 Rhe8 17. Kf2 Rd7 18. Nc3 Red8 19. Rd2 Be6 20. Rfd1 c5 21. Ne2 cxd4 22. Bxd4 1/2-1/2